000 00888cam a22002294a 4500
005 20250605164246.0
008 250528s ||||||||||||||||||||||||d
035 _a21506
020 _a9780538868716
040 _aGR-AtMCL
_bgre
_dGR-AtMCL
_eAACR2
245 1 _aMANAGERIAL ECONOMICS: ANALYSIS PROBLEMS CASES
250 _a6
260 _bSouth-Western Publishing Co,
_c1998
300 _a754
505 0 _aTHE FIRM AND ITS ENVIROMENT PRODUCTION, COST, AND PROFIT MAXIMIZATION MARKETS AND THE BEHAVIOR OF THE FIRM ANALYSIS OF PROJECT DECISIONS THE FIRM AND THE PUBLIC SECTOR
520 _aTHE FIRM AND ITS ENVIROMENT PRODUCTION, COST, AND PROFIT MAXIMIZATION MARKETS AND THE BEHAVIOR OF THE FIRM ANALYSIS OF PROJECT DECISIONS THE FIRM AND THE PUBLIC SECTOR
700 1 _aTruett Dale
_97511
700 1 _aTruett Lila
_97512
942 _cBK
999 _c6568
_d6568